PDC World Matchplay - Statistics

General Stats
  • This quiz has been taken 8 times
  • The average score is 12 of 16
Answer Stats
Country Answer % Correct
England Luke Humphries
100%
England Luke Littler
100%
Netherlands Michael van Gerwen
100%
England Phil Taylor
100%
Scotland Gary Anderson
86%
England Nathan Aspinall
86%
Scotland Peter Wright
86%
England Rob Cross
86%
Belgium Dimitri Van den Bergh
71%
England James Wade
71%
England Colin Lloyd
57%
United States of America Larry Butler
57%
England Peter Evison
57%
England Rod Harrington
57%
Blackpool Winter Gardens
43%
Milton Keynes Arena MK
29%
No matching quizzes found
Score Distribution
Percent of People with Each Score
Percentile by Number Answered
Your Score History
You have not taken this quiz